Essentials of Infection Control (Record no. 12441)
[ view plain ]
| 000 -LEADER | |
|---|---|
| fixed length control field | 00450nam a2200193Ia 4500 |
| 003 - CONTROL NUMBER IDENTIFIER | |
| control field | OSt |
| 005 - DATE AND TIME OF LATEST TRANSACTION | |
| control field | 20260223122754.0 |
| 008 - FIXED-LENGTH DATA ELEMENTS--GENERAL INFORMATION | |
| fixed length control field | 220613s9999||||xx |||||||||||||| ||und|| |
| 020 ## - INTERNATIONAL STANDARD BOOK NUMBER | |
| International Standard Book Number+Amount | 9789352706907 |
| 040 ## - CATALOGING SOURCE | |
| Transcribing agency | SRHU |
| 082 ## - DEWEY DECIMAL CLASSIFICATION NUMBER | |
| Classification number | 614.44 |
| 100 ## - MAIN ENTRY--PERSONAL NAME | |
| Author Name | Apurba S Sastry |
| 245 #0 - TITLE STATEMENT | |
| Title | Essentials of Infection Control |
| 250 ## - EDITION STATEMENT | |
| Edition | 1st(2019) |
| 260 ## - PUBLICATION, DISTRIBUTION, ETC. (IMPRINT) | |
| Name of publisher | Jaypee Brothers Medical |
| 300 ## - PHYSICAL DESCRIPTION | |
| Page No | 531 |
| 650 ## - SUBJECT ADDED ENTRY--TOPICAL TERM | |
| Subject | Microbiology |
| 942 ## - ADDED ENTRY ELEMENTS (KOHA) | |
| Koha item type | Para Clinical |
| Withdrawn status | Lost status | Source of classification or shelving scheme | Damaged status | Not for loan | Home library | Current library | Date acquired | Total Checkouts | Barcode | Date last seen | Date checked out | Koha item type | Checked out | Cost, normal purchase price (Rupees) | Price effective from |
|---|---|---|---|---|---|---|---|---|---|---|---|---|---|---|---|
| Dewey Decimal Classification | SRHU Library System | SRHU Library System | 24/11/2023 | 2 | CL0021461 | 05/05/2025 | 18/04/2025 | Microbiology | |||||||
| Dewey Decimal Classification | SRHU Library System | SRHU Library System | 15/05/2023 | 1 | CL0021462 | 15/05/2023 | 15/05/2023 | Microbiology | 31/12/2040 | ||||||
| Dewey Decimal Classification | SRHU Library System | SRHU Library System | 04/11/2024 | CL0023699 | 04/11/2024 | Microbiology | 1850.00 | 04/11/2024 |
